Adresár členov Slovenskej štatistickej a demografickej spoločnosti

Saved in:
Bibliographic Details
Other Authors: Holičková, Edita, Chajdiak, Jozef
Format: Book
Language:Slovak
Published: Bratislava Slovenská štatistická a demografická spoločnosť 1999
Subjects:
Tags: Add Tag
No Tags, Be the first to tag this record!

MARC

LEADER 00000nam a2200000 4500
001 c117646
005 20221123132505.1
020 |a 80-88946-01-8 
041 0 |a slo 
044 |a SK 
245 1 0 |a Adresár členov Slovenskej štatistickej a demografickej spoločnosti  |c [Zostav. Edita Holičková, Jozef Chajdiak] 
264 1 |a Bratislava  |b Slovenská štatistická a demografická spoločnosť  |c 1999 
300 |a 26 s. 
610 2 0 |a spoločnosti vedecké 
610 2 0 |a stanovy 
610 2 0 |a Slovensko 
700 1 |a Holičková, Edita 
700 1 |a Chajdiak, Jozef